Malaysian timbers-White Meranti (Timber trade leaflet No. 102) (Record no. 75417)
[ view plain ]
| 000 -LEADER | |
|---|---|
| fixed length control field | 00274nam a22000977a 4500 |
| 100 ## - MAIN ENTRY--AUTHOR NAME | |
| Personal name | CHOO, K.T. |
| -- | LIM, S.C. |
| 245 ## - TITLE STATEMENT | |
| Title | Malaysian timbers-White Meranti (Timber trade leaflet No. 102) |
| 260 ## - PUBLICATION, DISTRIBUTION, ETC. (IMPRINT) | |
| Place of publication | Malaysia |
| Name of publisher | Forest Research Institute of Malaysia |
| 300 ## - PHYSICAL DESCRIPTION | |
| Number of Pages | 12 |
| 942 ## - ADDED ENTRY ELEMENTS (KOHA) | |
| Koha item type | Reprints |
| Withdrawn status | Lost status | Damaged status | Not for loan | Home library | Current library | Date acquired | Koha item type |
|---|---|---|---|---|---|---|---|
| RRII Library | RRII Library | 14/03/2025 | Reprints |